عرض عادي
عرض مارك
- Calude, Cristian,
مدخل إسم شخص
001 - رقم الضبط
- حقل الضبط: 18685
003 - معرف رقم الضبط
- حقل الضبط: OSt
005 - تاريخ ووقت أخر عملية
- حقل الضبط: 20121226171406.0
008 - عناصر بيانات ثابتة الطول
- حقل تحكم ثابت الطول: 121226|||a|||||| | ||| d
040 ## - مصدر الفهرسة
- هيئة الفهرسة الأصلية: OSt
- وكالة الكتابة: OSt
100 ## - مدخل -- أسم شخص
- إسم شخص: Calude, Cristian,
- تواريخ مرتبطة بالاسم: 1952-
670 ## - بيانات المصدر موجوده
- الاستشهاد بالمصدر: Work cat.: (OSt)0: UC 2010 (2010 : Tokyo, Japan) 18678, Unconventional computation :, 2010.
